|
|
|
|
| LEADER |
01517nam a2200361 a 4500 |
| 001 |
4525 |
| 003 |
BD-DhAAL |
| 005 |
20150922112040.0 |
| 008 |
150922s1997 enka b 001 0 eng d |
| 010 |
|
|
|a 99159067
|
| 020 |
|
|
|a 8173713480
|
| 020 |
|
|
|a 1854332058
|
| 040 |
|
|
|a EUE
|c EUE
|d NTE
|d GZM
|d DLC
|d BD-DhAAL
|
| 050 |
0 |
0 |
|a HV40.35
|b .B74 1997
|
| 082 |
|
|
|a 362.88
|
| 100 |
1 |
|
|a Breakwell, Glynis M.
|q (Glynis Marie)
|9 14994
|
| 245 |
1 |
0 |
|a Coping with aggressive behavior /
|c Glynis M. Breakwell.
|
| 260 |
|
|
|a Leicester, UK :
|a Hyderabad :
|b British Psycological Society,
|b University Press,
|c 2000.
|
| 300 |
|
|
|a ix, 117 p. :
|b ill. ;
|c 22 cm.
|
| 490 |
1 |
|
|a Personal and professional development
|
| 500 |
|
|
|a Rev. and updated edition of: Facing physical violence.
|
| 504 |
|
|
|a Includes bibliographical references (p. 111-114) and index.
|
| 541 |
|
|
|e 4525
|
| 650 |
|
0 |
|a Human services personnel
|x Crimes against
|x Prevention.
|9 14995
|
| 650 |
|
0 |
|a Human services personnel
|x Crimes against
|z Great Britain
|x Prevention.
|9 14996
|
| 650 |
|
0 |
|a Violent crimes
|x Prevention.
|9 14997
|
| 650 |
|
0 |
|a Interpersonal relations.
|9 14998
|
| 650 |
|
0 |
|a Aggressiveness.
|9 14999
|
| 700 |
1 |
|
|a Breakwell, Glynis M.
|q (Glynis Marie).
|t Facing physical violence.
|9 15000
|
| 830 |
|
0 |
|a Personal and professional development.
|9 15001
|
| 942 |
|
|
|2 ddc
|c BK
|
| 999 |
|
|
|c 35649
|d 35649
|
| 952 |
|
|
|0 0
|1 0
|2 ddc
|4 0
|6 362_880000000000000_BRE
|7 0
|9 56061
|a SCL
|b SCL
|c GEN
|d 2015-09-22
|g 185.00
|l 1
|o 362.88 BRE
|p 3020004525
|r 2022-04-05
|s 2022-04-04
|t 1
|w 2015-09-22
|y BK
|